UK Train Operators that have Sprinters - Statistics

General Stats
  • This quiz has been taken 132 times
  • The average score is 6 of 7
Answer Stats
Operates Answer % Correct
150, 155, 156, 158 Northern
98%
150, 158 Great Western Railway
96%
150, 153, 158 Transport for Wales
90%
153, 156, 158 ScotRail
89%
158, 159 South Western Railway
83%
158 East Midlands Railway
80%
150 West Midlands Trains
66%
No matching quizzes found
Score Distribution
Percent of People with Each Score
Percentile by Number Answered
Your Score History
You have not taken this quiz